| 000 | 00383nam a22001577a 4500 | ||
|---|---|---|---|
| 003 | SGT | ||
| 020 | _a978-93-5025-077-8 | ||
| 082 |
_a617.6342 _bP11G |
||
| 100 | _aGARG,NISHA | ||
| 245 | _aTEXT BOOK OF PRECLINICAL CONSERVATIVE DENTISTRY | ||
| 250 | _a1ST | ||
| 260 |
_aNEW DELHI _bJAYPEE BROTHERS _c2011 |
||
| 300 | _a314 | ||
| 650 | _aCONSERVATIVE DENTISTRY | ||
| 942 |
_2ddc _cBK _016 |
||
| 999 |
_c10860 _d10860 |
||